000 00321nam a2200133Ia 4500
008 190216s9999||||xx |||||||||||||| ||und||
100 _a"Jain. Kc, Arora. Rp"
245 0 _aNumerical Problems In Physics
250 _a13rd Ed.
260 _bSulthan Chand &co
_c1986
300 _a612
650 _aPhysics
942 _cBK
999 _c33049
_d33049